[Event "Titled Tue 24th Jun Early"]
[Site "chess.com INT"]
[Date "2025.06.24"]
[Round "1"]
[White "Mitrabha, Guha"]
[Black "Mummana Venkata Ruthvik"]
[Result "1-0"]
[WhiteTitle "GM"]
[BlackTitle "CM"]
[WhiteElo "2515"]
[BlackElo "2237"]
[WhiteFideId "5057000"]
[BlackFideId "25697307"]
[EventDate "2025.06.24"]

1. Nf3 Nf6 2. b3 g6 3. Bb2 Bg7 4. e3 O-O 5. d4 d6 6. Be2 b6 7. O-O Bb7 8. c4
Nbd7 9. Nc3 Ne4 10. Qc2 Ndf6 11. d5 Nxc3 12. Bxc3 c6 13. e4 Rc8 14. Qb2 cxd5 15.
exd5 b5 16. Bd4 bxc4 17. bxc4 Qd7 18. Rab1 Ba6 19. Rfc1 Qa4 20. Qb3 Qa5 21. Bc3
Qc7 22. Qa4 Bb7 23. Qxa7 Ba8 24. Qa4 Nd7 25. Bxg7 Kxg7 26. Nd4 Bxd5 27. cxd5
Qxc1+ 28. Rxc1 Rxc1+ 29. Bf1 Nc5 30. Qa3 Rd1 31. Qb2 Kg8 32. g3 Ne4 33. Nb3 Rb8
34. Qe2 Nc3 35. Qc2 Rc8 36. Kg2 Re1 37. Ba6 Rc7 38. Nd4 Nxd5 39. Qb2 Rcc1 40.
Ne2 Rcd1 41. Bc4 Nf6 42. a4 d5 43. Bb5 Ne4 44. a5 Rb1 45. Qa2 Rxb5 46. a6 Rb8
47. Nd4 Nc3 48. Qa5 1-0

[Event "Titled Tue 24th Jun Early"]
[Site "chess.com INT"]
[Date "2025.06.24"]
[Round "1"]
[White "Devaev, Alexander"]
[Black "Papasimakopoulos, Alexandros"]
[Result "0-1"]
[WhiteTitle "FM"]
[BlackTitle "IM"]
[WhiteElo "2306"]
[BlackElo "2366"]
[WhiteFideId "4169395"]
[BlackFideId "4244125"]
[EventDate "2025.06.24"]

1. d4 Nf6 2. c4 e6 3. Nc3 Bb4 4. f3 O-O 5. e4 d5 6. cxd5 exd5 7. e5 Nfd7 8. a3
Bxc3+ 9. bxc3 f6 10. exf6 Re8+ 11. Ne2 Nxf6 12. Kf2 Rf8 13. Ng3 b6 14. Bd3 Ba6
15. Re1 c5 16. Kg1 Bxd3 17. Qxd3 Nc6 18. Bf4 Ne4 19. Nxe4 Rxf4 20. Qe3 Rf5 21.
Ng3 Rf6 22. dxc5 d4 23. cxd4 Qxd4 24. cxb6 axb6 25. Ne4 Rf5 26. Rad1 Qxe3+ 27.
Rxe3 Rb5 28. h3 Ne5 29. Nd6 Rc5 30. Nb7 Rc7 31. Rxe5 Rxb7 32. Rd3 h6 33. Rb5 Ra6
34. Rdb3 Kf7 35. Kh2 Ke6 36. a4 Kd6 37. a5 Kc7 38. Rxb6 Rbxb6 39. axb6+ Kb7 40.
Kg3 Ra4 41. f4 Ra2 42. Kf3 Rc2 43. g3 Rc5 44. Ke4 Ra5 45. f5 Rc5 46. Rb4 Ra5 47.
g4 Ra3 48. h4 Rh3 0-1

[Event "Titled Tue 24th Jun Early"]
[Site "chess.com INT"]
[Date "2025.06.24"]
[Round "1"]
[White "Yushko, Olga"]
[Black "Otdelnov, Kirill"]
[Result "0-1"]
[WhiteTitle "WFM"]
[BlackTitle "FM"]
[WhiteElo "2033"]
[BlackElo "2273"]
[WhiteFideId "14114500"]
[BlackFideId "24280216"]
[EventDate "2025.06.24"]

1. d4 g6 2. c4 Bg7 3. Nf3 d6 4. Bg5 c6 5. Nc3 Nd7 6. e3 Ngf6 7. Be2 O-O 8. O-O
Qc7 9. Qc2 e5 10. Rfd1 Re8 11. Rac1 Nf8 12. dxe5 dxe5 13. Bxf6 Bxf6 14. Ne4 Be7
15. c5 Bf5 16. Qc4 Rad8 17. b4 Be6 18. Qc2 Kg7 19. Bc4 Bd5 20. Bxd5 Rxd5 21. Nc3
Rxd1+ 22. Rxd1 Ne6 23. Qb2 Rd8 24. g3 Rxd1+ 25. Nxd1 Bf6 26. e4 Qd7 27. Ne3 Nd4
28. Kg2 Nxf3 29. Kxf3 Qd3 30. Qc2 Qa3 31. Kg2 Qxb4 32. a4 Bg5 33. Ng4 Qd4 34. h4
Be7 35. Ne3 Bxc5 36. Qb3 Qxe4+ 37. Kf1 Bxe3 38. fxe3 Qh1+ 39. Ke2 c5 40. Qc3
Qg2+ 41. Kd1 Qd5+ 42. Kc2 a6 43. Qe1 b5 44. e4 Qd4 45. axb5 axb5 46. Kb3 Qc4+
47. Kb2 Qd4+ 48. Kb3 b4 49. Ka4 h5 50. Kb5 b3 51. Qe2 Qb4+ 52. Kc6 b2 53. Qd3
b1=Q 0-1

[Event "Titled Tue 24th Jun Early"]
[Site "chess.com INT"]
[Date "2025.06.24"]
[Round "1"]
[White "Dudzinski, Piotr"]
[Black "Crispin Ferreras, Darvi Abraham"]
[Result "1-0"]
[WhiteTitle "FM"]
[BlackTitle "CM"]
[WhiteElo "2335"]
[BlackElo "2150"]
[WhiteFideId "1119362"]
[BlackFideId "6402771"]
[EventDate "2025.06.24"]

1. e4 c5 2. c3 e6 3. d4 cxd4 4. cxd4 d5 5. e5 Nc6 6. Nf3 Qb6 7. a3 Bd7 8. b4
Nge7 9. Bb2 Rc8 10. Nbd2 Na5 11. Rc1 Nf5 12. Rxc8+ Bxc8 13. Qc1 Nc6 14. b5 Nce7
15. Bd3 Bd7 16. a4 a6 17. O-O axb5 18. axb5 Bxb5 19. Bxb5+ Qxb5 20. Ba3 Qc6 21.
Qa1 Qa6 22. Rc1 Nc6 23. Bxf8 Qxa1 24. Rxa1 Rxf8 25. Rb1 Nd8 26. Nb3 Kd7 27. Nc5+
Kc6 28. g4 Ne7 29. Rc1 Kb5 30. Rb1+ Kc6 31. Rc1 Kb5 32. Nd7 Re8 33. Rc7 Nec6 34.
Nc5 b6 35. Nd3 Re7 36. Rc8 h6 37. Nf4 Ra7 38. Nh5 g6 39. Nf6 Nb7 40. Rh8 Nba5
41. Rxh6 Nb3 42. Rh7 Nbxd4 43. Nxd4+ Nxd4 44. Kg2 Kc4 45. h4 b5 46. Rh8 b4 47.
Rc8+ Kd3 48. Rb8 Kc3 49. h5 gxh5 50. gxh5 Nf5 51. Ng4 b3 52. h6 Nxh6 53. Nxh6 b2
54. Ng4 d4 55. f4 Ra2 56. Nf2 d3 57. Kf3 Ra3 58. Nd1+ Kc2 59. Nxb2 d2+ 60. Ke2
Rd3 61. Nd1 Rd4 62. Rc8+ Kb1 63. Ke3 Rd5 64. Rc3 Ra5 65. Kxd2 Ra4 66. Ke3 Rb4
67. Nf2 Kb2 68. Rc7 Kb3 69. Nd3 Ra4 70. Nc5+ 1-0

[Event "Titled Tue 24th Jun Early"]
[Site "chess.com INT"]
[Date "2025.06.24"]
[Round "1"]
[White "Olhovik, Andrei"]
[Black "Tan, Jun Hao"]
[Result "1-0"]
[WhiteTitle "FM"]
[BlackTitle "CM"]
[WhiteElo "2282"]
[BlackElo "1946"]
[WhiteFideId "13507397"]
[BlackFideId "5805678"]
[EventDate "2025.06.24"]

1. d4 Nf6 2. c4 e6 3. Nc3 Bb4 4. a3 Bxc3+ 5. bxc3 c5 6. f3 Nc6 7. e4 d6 8. Be3
b6 9. Bd3 Na5 10. Ne2 Ba6 11. O-O Qd7 12. f4 O-O-O 13. d5 Nxc4 14. dxe6 fxe6 15.
Bc1 d5 16. e5 Ne4 17. Qc2 Qb7 18. a4 Na5 19. Bb5 Rhf8 20. Ng3 Nxg3 21. hxg3 g6
22. Qe2 Nc4 23. Qg4 Rf5 24. Rf2 Kb8 25. Rfa2 Rdf8 26. Qe2 g5 27. Rb1 gxf4 28.
gxf4 h5 29. a5 Bxb5 30. Rxb5 a6 31. Rxb6 Nxb6 32. Rb2 Nc4 33. Rxb7+ Kxb7 34. Be3
Nxe3 35. Qxe3 Kc6 36. g3 h4 37. Qd3 c4 38. Qd4 Rb8 39. Qa7 Rb1+ 40. Kg2 hxg3 41.
Qxa6+ Kd7 42. Qa7+ Kc6 43. Qa8+ Kc7 44. Qe8 Rb2+ 45. Kxg3 Rb3 46. Qe7+ Kb8 47.
Qd6+ Ka7 48. Qxe6 Rxc3+ 49. Kg4 1-0

[Event "Titled Tue 24th Jun Early"]
[Site "chess.com INT"]
[Date "2025.06.24"]
[Round "1"]
[White "Subramanian, Anusha"]
[Black "Omariev, Maksim"]
[Result "0-1"]
[WhiteTitle "WFM"]
[BlackTitle "FM"]
[WhiteElo "2045"]
[BlackElo "2304"]
[WhiteFideId "477710"]
[BlackFideId "4193423"]
[EventDate "2025.06.24"]

1. Nf3 d5 2. b3 Nf6 3. Bb2 Bf5 4. e3 e6 5. d4 Be7 6. c4 c6 7. Bd3 Ne4 8. a3 Nd7
9. Nc3 Bg6 10. Qc2 f5 11. Ne5 Nxe5 12. dxe5 O-O 13. O-O Rc8 14. f4 Qb6 15. Rf3
Bh5 16. Na4 Qd8 17. Bxe4 fxe4 18. Rf2 b5 19. Nc3 Qb6 20. Re1 Bc5 21. Bc1 a5 22.
h3 Be7 23. g4 Bg6 24. Ne2 Bh4 25. Nd4 Bf7 26. f5 Bxf2+ 27. Qxf2 bxc4 28. bxc4 c5
29. Ne2 Qb3 30. Nf4 dxc4 31. Qh4 c3 32. f6 Rfd8 33. Qg5 Bg6 34. Nxg6 hxg6 35.
Qxg6 Rc7 36. Rf1 Rf7 37. h4 Rd1 38. h5 Rxf1+ 39. Kxf1 Qd1+ 40. Kg2 Qxc1 41. fxg7
Qd2+ 42. Kh3 Qxe3+ 43. Kh4 Qf2+ 44. Kg5 Qf4+ 45. Kh4 Qh2+ 46. Kg5 Qxe5+ 47. Kh4
Qf6+ 48. g5 Qxg6 49. hxg6 Rxg7 50. Kh5 c2 51. Kh6 c1=Q 52. Kh5 Qxa3 53. Kg4 Qf3+
54. Kh4 Qf4+ 55. Kh3 Qxg5 56. Kh2 Qxg6 57. Kh3 a4 58. Kh2 a3 59. Kh3 a2 60. Kh2
c4 61. Kh3 c3 62. Kh2 c2 63. Kh3 e3 64. Kh2 e2 65. Kh3 e5 66. Kh2 e4 67. Kh3 e3
68. Kh2 Kf7 69. Kh3 Ke6 70. Kh2 Kd5 71. Kh3 Kd4 72. Kh2 Kd3 73. Kh3 a1=Q 74. Kh2
Kd2 75. Kh3 Qa8 76. Kh2 Qg8 77. Kh3 c1=Q 78. Kh2 Qc7+ 79. Kh3 Qe7 80. Kh2 Qeg5
81. Kh3 e1=Q 82. Kh2 Qc1 83. Kh3 Qcc8+ 84. Kh2 Qcg4 85. Kh1 e2 86. Kh2 Ke3 87.
Kh1 e1=Q+ 88. Kh2 Qeg3+ 89. Kh1 Q3h3# 0-1

[Event "Titled Tue 24th Jun Early"]
[Site "chess.com INT"]
[Date "2025.06.24"]
[Round "1"]
[White "Pham, Le Thao Nguyen"]
[Black "Aravindhan, Achyuth"]
[Result "0-1"]
[WhiteTitle "IM"]
[BlackTitle "CM"]
[WhiteElo "2357"]
[BlackElo "2054"]
[WhiteFideId "12401226"]
[BlackFideId "1084216"]
[EventDate "2025.06.24"]

1. d4 Nf6 2. Nf3 g6 3. Nc3 d5 4. Bg5 Bg7 5. e3 O-O 6. Bd3 b6 7. e4 dxe4 8. Nxe4
Bb7 9. Nxf6+ exf6 10. Be3 Nc6 11. c3 Ne7 12. O-O Qd6 13. Nd2 Rad8 14. Be4 Ba6
15. Qf3 Bxf1 16. Nxf1 f5 17. Bc2 c5 18. dxc5 bxc5 19. h4 h5 20. Nd2 Nd5 21. Nc4
Qc7 22. Bb3 Rfe8 23. Bg5 Nf6 24. Ne3 Rd2 25. Nd5 Rxd5 26. Bxd5 Nxd5 27. Qxd5 Qb6
28. Qd2 c4 29. Be3 Qc6 30. Rd1 Bf6 31. Bg5 Rd8 32. Qe2 Rxd1+ 33. Qxd1 Bxg5 34.
hxg5 Qc7 35. Qd4 a5 36. g3 Qb8 37. Qxc4 Qxb2 38. a4 Qc1+ 39. Kg2 Qxg5 40. Qd5
Qe7 41. c4 h4 42. c5 hxg3 43. Kxg3 Qg5+ 44. Kf3 Qg4+ 45. Ke3 f4+ 46. Kd2 Qg1 47.
Qd4 f3 48. c6 Qf1 0-1

[Event "Titled Tue 24th Jun Early"]
[Site "chess.com INT"]
[Date "2025.06.24"]
[Round "1"]
[White "Rahmilevitz, Anton"]
[Black "Gavarrete, Nahun"]
[Result "1/2-1/2"]
[BlackTitle "FM"]
[WhiteElo "2243"]
[BlackElo "2281"]
[WhiteFideId "2809699"]
[BlackFideId "8400709"]
[EventDate "2025.06.24"]

1. e4 e5 2. Nf3 Nc6 3. Bb5 Nf6 4. d3 d6 5. O-O Be7 6. c3 O-O 7. h3 Be6 8. Nbd2
h6 9. Re1 a6 10. Ba4 Nd7 11. Nf1 f5 12. exf5 Bxf5 13. Ng3 Bg6 14. Qb3+ Kh8 15.
Qxb7 Na5 16. Qb4 c5 17. Qa3 Bxd3 18. Bxd7 Nc4 19. Qa4 Nb6 20. Qd1 Qxd7 21. Qxd3
c4 22. Qc2 Bf6 23. Be3 Nc8 24. Rad1 Qe6 25. Qf5 Qf7 26. Qh5 Qe6 27. Nf5 Kg8 28.
N3h4 Bd8 29. Ng3 Ne7 30. Nf3 Ng6 31. Qg4 Qf6 32. Ne4 Qf7 33. Nxd6 Qf6 34. Qxc4+
Kh8 35. Ne4 Qf5 36. Ng3 Qf6 37. Qe4 Bc7 38. Nh5 Qf7 39. Rd2 Rae8 40. Red1 Re7
41. Rd5 Rfe8 42. Ng3 Nf4 43. R5d2 Ng6 44. Bc5 Nf4 45. Bxe7 Rxe7 46. Nf5 Re8 47.
Rd7 Qf6 48. Rxc7 Rf8 49. Ng3 Qe6 50. Rcd7 Qf6 51. R7d6 Qf7 52. Rd7 Qf6 53. R7d2
Ng6 54. Rd7 Nf4 1/2-1/2

[Event "Titled Tue 24th Jun Early"]
[Site "chess.com INT"]
[Date "2025.06.24"]
[Round "1"]
[White "Nicot, Valentin"]
[Black "Mujumdar, Sameer"]
[Result "1-0"]
[WhiteTitle "CM"]
[WhiteElo "2206"]
[BlackElo "2043"]
[WhiteFideId "651002477"]
[BlackFideId "2029707"]
[EventDate "2025.06.24"]

1. d4 Nf6 2. c4 g6 3. Nc3 Bg7 4. e4 d6 5. Nf3 O-O 6. Be2 Na6 7. O-O e5 8. d5 Nc5
9. Qc2 a5 10. Be3 Ng4 11. Bxc5 dxc5 12. h3 Nh6 13. Rad1 f6 14. Qd2 Nf7 15. Nb5
Nd6 16. Nxd6 cxd6 17. Bd3 a4 18. Bb1 Bd7 19. b4 axb3 20. axb3 b5 21. b4 Qb6 22.
bxc5 Qxc5 23. cxb5 Bxb5 24. Bd3 Bxd3 25. Qxd3 Ra3 26. Qe2 Rc8 27. Rb1 Bh6 28.
Qb5 Qc7 29. Qb7 Ra7 30. Qxc7 Raxc7 31. Rb6 Bf8 32. Rfb1 Kf7 33. g3 Ke7 34. Kg2
Bh6 35. Rb7 Kd7 36. Rxc7+ Rxc7 37. Rb8 Rc4 38. Rh8 Bc1 39. Rxh7+ Ke8 40. Nh4
Rxe4 41. Nxg6 Re2 42. h4 Rd2 43. h5 Rxd5 44. Nh4 e4 45. Ng6 Bg5 46. Re7+ Kd8 47.
Rxe4 Rd2 48. Nf4 f5 49. Ra4 Bf6 50. Ra8+ Kd7 51. Ra7+ Ke8 52. h6 Rxf2+ 53. Kxf2
Bd4+ 54. Kf3 Bxa7 55. h7 Bd4 56. Ng6 Kf7 57. h8=Q Bxh8 58. Nxh8+ Kg7 59. Kf4 Kf6
60. Nf7 Kxf7 61. Kxf5 Ke7 62. Ke4 Ke6 63. Kd4 Kd7 64. Kd5 Kc7 65. g4 Kd7 66. g5
Ke7 67. g6 Kd7 68. g7 Kc7 69. g8=Q 1-0

[Event "Titled Tue 24th Jun Early"]
[Site "chess.com INT"]
[Date "2025.06.24"]
[Round "1"]
[White "Brancaleoni, Maurizio"]
[Black "Oberoi, Shelev"]
[Result "1/2-1/2"]
[WhiteTitle "FM"]
[WhiteElo "2185"]
[BlackElo "2174"]
[WhiteFideId "803022"]
[BlackFideId "30908590"]
[EventDate "2025.06.24"]

1. Nf3 d5 2. d4 Nf6 3. c4 dxc4 4. e3 Bg4 5. Bxc4 e6 6. Nc3 Nbd7 7. h3 Bh5 8. O-O
c6 9. Be2 Be7 10. e4 O-O 11. Be3 a5 12. Nd2 Bg6 13. f4 h6 14. g4 b5 15. f5 Bh7
16. e5 Nd5 17. Nxd5 cxd5 18. Bxb5 exf5 19. gxf5 Bg5 20. Qe2 Rb8 21. a4 Nb6 22.
Kh2 Nc4 23. Nxc4 dxc4 24. Rad1 Bxe3 25. Qxe3 Qh4 26. Qg3 Qe4 27. Rg1 g5 28. Rde1
Qxf5 29. Rgf1 Qc2+ 30. Rf2 Qd3 31. Qxd3 Bxd3 32. Rf6 Rbd8 33. Rd6 Kg7 34. Kg3
Rxd6 35. exd6 Rd8 36. d7 Bf5 37. Re8 Rxd7 38. Bxd7 Bxd7 39. Re7 Bxa4 40. Ra7 Bc2
41. Rxa5 f5 42. Rc5 Bd3 43. Rc6 h5 44. d5 Be4 45. Rc7+ Kf6 46. d6 Ke6 47. Rg7
Kxd6 48. Rxg5 Ke5 49. Rxh5 Kd4 50. Rh8 Ke3 51. Rc8 f4+ 52. Kh2 f3 53. Re8 f2 54.
Rxe4+ Kxe4 55. Kg2 Kd3 56. Kxf2 Kc2 57. h4 Kxb2 58. h5 c3 59. h6 c2 60. h7 c1=Q
61. h8=Q+ Qc3 62. Qxc3+ Kxc3 1/2-1/2

[Event "Titled Tue 24th Jun Early"]
[Site "chess.com INT"]
[Date "2025.06.24"]
[Round "1"]
[White "Lortkipanidze, Nodar"]
[Black "Milanovic, Vojislav"]
[Result "0-1"]
[WhiteTitle "IM"]
[BlackTitle "IM"]
[WhiteElo "2359"]
[BlackElo "2293"]
[WhiteFideId "13604058"]
[BlackFideId "905046"]
[EventDate "2025.06.24"]

1. e4 e6 2. d4 c5 3. d5 exd5 4. exd5 d6 5. Nc3 Nf6 6. Nf3 Be7 7. Be2 O-O 8. O-O
a6 9. a4 b6 10. Nd2 Nbd7 11. Nc4 Re8 12. Bf4 Nf8 13. Rb1 Ng6 14. Bg3 Rb8 15. b4
Bf5 16. Ne3 Bc8 17. bxc5 Qc7 18. c6 Bf8 19. Qd4 Ne5 20. f4 Ng6 21. Bd3 Nh5 22.
Nc4 Nxg3 23. hxg3 Bg4 24. Rxb6 Rxb6 25. Qxb6 Qe7 26. Qd4 f5 27. a5 h5 28. Nb6 h4
29. gxh4 Qxh4 30. c7 Ne7 31. Bxa6 g6 32. Bb5 Bg7 33. Qd3 Rf8 34. Bd7 g5 35. Be6+
Kh8 36. Nb5 gxf4 37. Nxd6 f3 38. Rxf3 Bxf3 39. Qxf3 Be5 40. Nf7+ Rxf7 41. Kf1
Qh1+ 42. Ke2 Rg7 43. Nc4 Rxg2+ 44. Kd3 Rg3 45. Qxg3 Bxg3 46. d6 Qf3+ 47. Kd2
Bf4+ 48. Ke1 Qe4+ 49. Kf2 Qxe6 50. dxe7 Bxc7 51. a6 Qxe7 52. a7 Bb6+ 53. Kf3
Qxa7 0-1

[Event "Titled Tue 24th Jun Early"]
[Site "chess.com INT"]
[Date "2025.06.24"]
[Round "1"]
[White "Jakubowski, Krzysztof"]
[Black "Grahn, Vidar"]
[Result "0-1"]
[WhiteTitle "GM"]
[BlackTitle "FM"]
[WhiteElo "2448"]
[BlackElo "2239"]
[WhiteFideId "1112848"]
[BlackFideId "1744780"]
[EventDate "2025.06.24"]

1. e4 Nc6 2. d4 d5 3. e5 Bf5 4. c3 e6 5. Nd2 f6 6. f4 fxe5 7. fxe5 Qd7 8. Ndf3
O-O-O 9. Be3 h6 10. h4 Nge7 11. Ne2 Bg4 12. Nf4 Nf5 13. Bf2 Rg8 14. h5 Be7 15.
Be2 Bxf3 16. Bxf3 Bg5 17. Ng6 Nce7 18. g4 Nxg6 19. gxf5 Nf4 20. fxe6 Qb5 21. Bh4
Nd3+ 22. Kf1 Rdf8 23. Kg2 Nf4+ 24. Kg3 Nxe6 25. Bg4 Bf4+ 26. Kg2 Qxb2+ 27. Qe2
Qxe2+ 28. Bxe2 Kd7 29. Rhf1 Bg5 30. Bg3 Ke7 31. Bg4 Bd2 32. Bh4+ Ng5 33. Rfd1
Bxc3 34. Rac1 Ba5 35. Rc5 Bb6 36. Rxd5 Rd8 37. Rxd8 Rxd8 38. d5 Bc5 39. a4 b6
40. Bf5 a6 41. Bg3 b5 42. axb5 axb5 43. d6+ cxd6 44. exd6+ Bxd6 45. Re1+ Kf8 46.
Bg6 Bxg3 47. Kxg3 Nf7 48. Rf1 Rd7 49. Rf5 b4 50. Rb5 Ke7 51. Rxb4 Ng5 52. Rb6
Rd6 53. Rb7+ Kf6 54. Rb8 Rd7 55. Kf4 Rd4+ 56. Ke3 Rd7 57. Ke2 Re7+ 0-1

[Event "Titled Tue 24th Jun Early"]
[Site "chess.com INT"]
[Date "2025.06.24"]
[Round "1"]
[White "Ribeiro, Gustavo"]
[Black "Mihajlovskij, Sergei"]
[Result "1-0"]
[WhiteTitle "FM"]
[WhiteElo "2314"]
[BlackElo "2292"]
[WhiteFideId "1941852"]
[BlackFideId "13500805"]
[EventDate "2025.06.24"]

1. e4 c5 2. Nf3 d6 3. Bb5+ Nd7 4. c4 a6 5. Ba4 Nf6 6. O-O g6 7. Nc3 Bg7 8. d3
O-O 9. h3 Nb6 10. Bc2 e6 11. Bg5 h6 12. Bh4 Qc7 13. Qd2 Kh7 14. Rac1 e5 15. Nh2
g5 16. Bg3 Be6 17. Nd5 Qd8 18. b4 Bxd5 19. exd5 Nbd7 20. bxc5 dxc5 21. d4+ e4
22. Ng4 Nxg4 23. hxg4 Re8 24. Rfe1 Bxd4 25. Rxe4 Rxe4 26. Bxe4+ Kg7 27. d6 Rb8
28. Rb1 b6 29. Bf5 Nf6 30. Kh2 Rb7 31. a4 Qe8 32. Qc2 Be5 33. Re1 Bxg3+ 34. fxg3
Qxe1 35. Qd3 Qe8 36. Qf3 Rd7 37. Qc6 Qd8 38. Bxd7 Nxd7 39. Qc7 Qe8 40. Qb7 a5
41. Qc7 Qe6 42. Qc6 Ne5 43. Qxb6 Nxc4 44. Qxc5 Nxd6 45. Qxa5 Ne4 46. Qa7 Qxg4
47. Qd4+ Kg6 48. Qb6+ f6 49. Qe3 h5 50. a5 h4 51. gxh4 Qxh4+ 52. Kg1 Qg4 53. a6
Qd1+ 54. Kh2 Qd5 55. a7 g4 56. Qf4 g3+ 57. Kh3 Qh5+ 58. Qh4 1-0

[Event "Titled Tue 24th Jun Early"]
[Site "chess.com INT"]
[Date "2025.06.24"]
[Round "1"]
[White "Gubajdullin, Alexei"]
[Black "Bestard Borras, Miguel"]
[Result "1-0"]
[WhiteTitle "FM"]
[BlackTitle "CM"]
[WhiteElo "2233"]
[BlackElo "2116"]
[WhiteFideId "4141202"]
[BlackFideId "2221888"]
[EventDate "2025.06.24"]

1. Nf3 d5 2. g3 Bf5 3. Bg2 e6 4. O-O h6 5. d3 Be7 6. Nbd2 Nf6 7. e4 dxe4 8. dxe4
Nxe4 9. Ne5 Nxd2 10. Bxb7 Nxf1 11. Qxd8+ Bxd8 12. Bxa8 Nxh2 13. Kxh2 Bxc2 14.
Be3 Ba4 15. Bxa7 Nd7 16. Nxd7 Bxd7 17. a4 Bf6 18. a5 Bxb2 19. Ra2 Be5 20. a6 O-O
21. Bb7 Bb5 22. Bc5 Bxa6 23. Rxa6 Bd6 24. Bxd6 cxd6 25. Rxd6 g6 26. Be4 Kg7 27.
Kg2 h5 28. Bd3 Kf6 29. Rc6 Ke5 30. Rc7 f5 31. Bc4 Kf6 32. Rc6 Re8 33. f4 g5 34.
fxg5+ Kxg5 35. Bxe6 f4 36. Rc5+ Kf6 37. Bd7 Re7 38. Bh3 fxg3 39. Kxg3 Re4 40.
Bg2 Rd4 41. Bf3 Ke7 42. Rxh5 Kd8 43. Kf2 Rd7 44. Ke3 Re7+ 45. Kd4 Rd7+ 46. Bd5
Re7 47. Kc5 Kc7 48. Rh8 Kd7 49. Ra8 Kc7 50. Ra6 Kd7 51. Rg6 Kc7 52. Rb6 Kd7 53.
Rb7+ Kd8 54. Rb8+ Kc7 55. Ra8 Kd7 56. Bf3 Kc7 57. Kd5 Kd7 58. Ra7+ Kd8 59. Ra8+
Kc7 60. Bg4 Rg7 61. Ra7+ Kb6 62. Rxg7 1-0

[Event "Titled Tue 24th Jun Early"]
[Site "chess.com INT"]
[Date "2025.06.24"]
[Round "1"]
[White "Bozorov, Javohir"]
[Black "Kozak, Adam"]
[Result "0-1"]
[WhiteTitle "FM"]
[BlackTitle "GM"]
[WhiteElo "2039"]
[BlackElo "2587"]
[WhiteFideId "14216957"]
[BlackFideId "753246"]
[EventDate "2025.06.24"]

1. Nf3 d5 2. d4 e6 3. Bf4 Bd6 4. Bg3 Ne7 5. e3 b6 6. c3 Bb7 7. Nbd2 Nf5 8. Bd3
Nxg3 9. hxg3 h6 10. g4 Nd7 11. g5 h5 12. g6 f5 13. Nh4 Qg5 14. Rh3 O-O-O 15. f4
Qf6 16. Ndf3 Kb8 17. Ne5 Bxe5 18. dxe5 Qe7 19. Qe2 Nc5 20. O-O-O Qe8 21. Rg3 Qa4
22. Kb1 Rh6 23. Bc2 Qe8 24. Rg5 Ba6 25. Qf3 Ne4 26. Rxh5 Qh8 27. Rxh6 Qxh6 28.
Bxe4 fxe4 29. Qg4 Be2 30. Qxe2 Qxh4 31. g4 Qg3 32. Rh1 c5 33. Rh7 d4 34. exd4
cxd4 35. cxd4 Qg1+ 36. Kc2 Qxd4 37. Rh3 Qa4+ 38. Kc1 Qxa2 39. Rc3 Qa1+ 40. Kc2
Qa4+ 41. Kc1 Rh8 42. Kd2 Rh1 43. f5 Qd4+ 44. Kc2 Qxe5 45. fxe6 Rh2 46. Re3 Rxe2+
47. Rxe2 Qxe6 0-1

[Event "Titled Tue 24th Jun Early"]
[Site "chess.com INT"]
[Date "2025.06.24"]
[Round "1"]
[White "Rees, Ioan"]
[Black "Martinez Alcantara, Jose Eduardo"]
[Result "0-1"]
[WhiteTitle "FM"]
[BlackTitle "GM"]
[WhiteElo "2280"]
[BlackElo "2611"]
[WhiteFideId "1801236"]
[BlackFideId "3805662"]
[EventDate "2025.06.24"]

1. Nf3 c5 2. g3 Nc6 3. Bg2 g6 4. c4 Bg7 5. Nc3 d6 6. O-O e6 7. e3 Nge7 8. d4 O-O
9. b3 cxd4 10. exd4 d5 11. c5 b6 12. Ba3 Re8 13. Rc1 bxc5 14. Bxc5 Rb8 15. Qd2
Nf5 16. Ne2 Ba6 17. Rfd1 Qd7 18. g4 Nfe7 19. b4 Bc4 20. a3 a6 21. Ng3 Nc8 22. h4
Nd6 23. h5 Rbd8 24. h6 Bh8 25. Qf4 f6 26. g5 f5 27. Bf1 Bxf1 28. Nxf1 Ne4 29.
N1d2 Qb7 30. Nxe4 dxe4 31. Ne5 Rd5 32. Nxc6 Qxc6 33. Bf8 Qa8 34. Bg7 Bxg7 35.
hxg7 Qd8 36. Rc7 e5 37. Qc1 f4 38. Qc4 Qxg5+ 39. Kf1 Rd8 40. Rc8 Kxg7 41. Rxd8
Qxd8 42. Qxa6 exd4 43. Qb7+ Qd7 44. Qxd7+ Rxd7 45. b5 d3 46. a4 e3 47. fxe3 fxe3
48. Ra1 d2 49. Ke2 h5 50. a5 h4 51. a6 h3 52. a7 d1=Q+ 53. Rxd1 Rxa7 54. Kxe3
Kh6 55. Kf3 Kh5 56. Kg3 Ra3+ 57. Kh2 Rb3 58. Rd5+ g5 59. Rc5 Kh4 60. Rc8 Rb2+
61. Kh1 g4 0-1

[Event "Titled Tue 24th Jun Early"]
[Site "chess.com INT"]
[Date "2025.06.24"]
[Round "1"]
[White "Mostertman, Milan"]
[Black "Shimanov, Aleksandr"]
[Result "1-0"]
[WhiteTitle "FM"]
[BlackTitle "GM"]
[WhiteElo "2231"]
[BlackElo "2578"]
[WhiteFideId "1025848"]
[BlackFideId "4198603"]
[EventDate "2025.06.24"]

1. Nf3 d5 2. c4 e6 3. e3 Nf6 4. Nc3 Bd6 5. b3 b6 6. Bb2 Bb7 7. Be2 O-O 8. O-O a6
9. d4 Nbd7 10. Rc1 Ne4 11. cxd5 exd5 12. Nxe4 dxe4 13. Nd2 Re8 14. Nc4 Nf6 15.
Nxd6 cxd6 16. d5 Nd7 17. Qd4 f6 18. Bg4 Nf8 19. Rc2 Re5 20. Qc4 Bxd5 21. Qc7 Rg5
22. Bh3 Be6 23. Bxe6+ Nxe6 24. Qxd8+ Rxd8 25. Rc6 Nc5 26. Rxb6 Nd3 27. Bd4 a5
28. h4 Rf5 29. g4 Rd5 30. Kg2 h5 31. f3 exf3+ 32. Kxf3 Re8 33. Ke2 Nb4 34. Rf4
Nc2 35. Kd3 Nb4+ 36. Kd2 Nxa2 37. gxh5 Rxh5 38. Rxd6 Nb4 39. Rd7 Nd5 40. Rg4 Re7
41. Rxe7 Nxe7 42. Bxf6 Nf5 43. Rg5 Rxh4 44. Rxf5 gxf6 45. Rxf6 a4 46. bxa4 Rxa4
47. Kd3 Kg7 48. Rf1 Ra8 49. e4 Rd8+ 50. Ke3 Re8 51. Rf4 Re7 52. Kd4 Rd7+ 53. Kc5
Kg6 54. e5 Kg5 55. Rf1 Rd2 56. e6 Kg6 57. Kc6 Rd3 58. e7 Re3 59. Kd7 Rd3+ 60.
Ke8 Kg7 61. Rf4 Rd6 62. Rg4+ Kf6 63. Kf8 1-0

[Event "Titled Tue 24th Jun Early"]
[Site "chess.com INT"]
[Date "2025.06.24"]
[Round "1"]
[White "Nugumanov, Bakhtiyar"]
[Black "Dubnevych, Maksym"]
[Result "1-0"]
[WhiteTitle "IM"]
[BlackTitle "FM"]
[WhiteElo "2305"]
[BlackElo "2296"]
[WhiteFideId "13701797"]
[BlackFideId "14184001"]
[EventDate "2025.06.24"]

1. e4 c5 2. Nc3 Nc6 3. Bb5 Nd4 4. Bc4 e6 5. Nge2 g6 6. Nxd4 cxd4 7. Ne2 Bg7 8.
d3 Ne7 9. O-O O-O 10. Bf4 d5 11. exd5 Nxd5 12. Bg3 Nb6 13. Bb3 Bd7 14. a4 Bc6
15. a5 Nd5 16. Qd2 Rc8 17. Nf4 Ne7 18. Rfe1 e5 19. Nh3 Qc7 20. Ng5 Nf5 21. Ne4
Kh8 22. Re2 Nxg3 23. hxg3 h6 24. Rae1 b6 25. axb6 axb6 26. g4 Rce8 27. g5 h5 28.
Nf6 Re7 29. Bd5 Rc8 30. Bxc6 Qxc6 31. Rxe5 Rxe5 32. Rxe5 Bxf6 33. gxf6 Qxf6 34.
Re4 Kg7 35. g3 Rc5 36. b4 Rf5 37. Kg2 g5 38. Qe2 Kg6 39. f3 Rb5 40. g4 h4 41.
Re8 Kg7 42. Qe4 Rxb4 43. Re5 Rb2 44. Rf5 Rxc2+ 45. Kh3 Qd6 46. Rxg5+ Kf8 47. f4
Rc8 48. Rd5 Qe6 49. Qxd4 Qe1 50. Qh8+ Ke7 51. Re5+ Kd6 52. Qf6+ Kc7 53. Rxe1 1-0